000 00839nam a2200253Ia 4500
003 OSt
005 20220930062440.0
006 a|||||r|||| 00| 0
007 ta
008 220926b |||||||| |||| 00| 0 eng d
024 _a1123
037 _cTheses
040 _aCRL
_cCRL
_beng
041 _2eng
_aeng
100 _aHukam Chand
_9521236
110 _aUniversity of Delhi. Faculty of Social Sciences. Department of African Studies
_9519560
245 0 _aIndians in Mauritius with special reference to the Arya Samaj movement 1901-1968
260 _c1980
650 _aAFRICA - HISTORY
700 _a Prof Daleep Singh Supervisor
700 _aUniversity of Delhi. Faculty of Social Sciences. Department of African Studies
_9519562
942 _cDIS
_2CC
999 _c855536
_d855536